00586nam a2200205 a 4500001001300000003000900013005001700022008004100039020002300080082001700103100002500120245004900145260004600194300000900240500003500249505001000284650003600294650002500330700002500355nice12345678IN_TiNIC20260116013204.0050524s1991 nasa grp 000 0 eng  a0913367 c10000a232.904bWIR aWirt, Sherwood Eliot aJesus, Man of Joyb an Experience of Worship aNashvillebThomas Nelson Publishersc1991 a159p aincludes index and biblioraphy2 aIndex aJesus Christ-Person and Offices aJoy-Religious Aspect1 aWirt, Sherwood Eliot